| 000 | 00869nam a2200277Ia 4500 | ||
|---|---|---|---|
| 003 | GCL | ||
| 005 | 20240530101829.0 | ||
| 008 | 140319s9999 xx 000 0 ara d | ||
| 040 |
_aGCL / _cGCL |
||
| 082 | 0 | 4 |
_a333 _bق/ب ت |
| 100 | 1 | _aباير، جابرييل | |
| 245 | 1 | 0 |
_aتاريخ ملكية الاراضى فى مصر الحديثة 1950-1800 / _cباير، جابرييل |
| 260 |
_aالقاهرة : _bالهيئة المصرية العامة للكتاب ، _c1988 |
||
| 300 | _a184 ص | ||
| 490 |
_aالالف كتاب _v0 |
||
| 650 | 0 | 4 | _aمصر |
| 650 | 0 | 4 | _aالزراعة |
| 650 | 0 | 4 | _aاصلاح الاراضى |
| 650 | 0 | 4 | _aاقتصاديات |
| 650 | 0 | 4 | _aالاراضى |
| 650 | 0 | 4 | _aالتمليك |
| 650 | 0 | 4 | _aملكية الاراضى |
| 650 | 0 | 4 | _aالاقطاع |
| 700 | 1 | _aعطيات محمود جاد | |
| 942 |
_2ddc _cBK |
||
| 999 |
_c28027 _d28027 |
||